Cell biology

Αποθηκεύτηκε σε:
Λεπτομέρειες βιβλιογραφικής εγγραφής
Κύριος συγγραφέας: Karp, Gerald
Μορφή: Βιβλίο
Γλώσσα:English
Δημοσίευση: New York : McGraw-Hill, c1984
Έκδοση:2nd ed.
Θέματα:
Ετικέτες: Προσθήκη ετικέτας
Δεν υπάρχουν, Καταχωρήστε ετικέτα πρώτοι!

MARC

LEADER 00000pam a2200000 i 4500
001 1/90174
008 960312s1984 eng d
020 |a 0-07-033365-3 
035 |l 10007419 
040 |a GR-MY-UA  |b gre 
041 0 |a eng 
082 0 |a 571.6 
100 1 |a Karp, Gerald. 
245 1 0 |a Cell biology /  |c Gerald Karp 
250 |a 2nd ed. 
260 |a New York :   |b McGraw-Hill,   |c c1984 
300 |a xvi, 896 σ.;  |b εικ.;  |c 27 εκ. 
504 |a Περιέχει βιβλιογραφικές παραπομπές και ευρετήριο 
650 0 0 |a Cytology. 
852 |a INST  |b LESVOS  |e 19960312  |h 571.6 KAR  |p 005100025678  |q 005100025678  |t BK  |y 0 
909 |a Λ  |b 011976